KOHA-Header-6

Discrete Mathematics (Record no. 2242)

000 -LEADER
fixed length control field 00293nam a2200121Ia 4500
008 - FIXED-LENGTH DATA ELEMENTS--GENERAL INFORMATION
fixed length control field 190802s9999 xx 000 0 und d
020 ## - INTERNATIONAL STANDARD BOOK NUMBER
International Standard Book Number 0-19-945279-2
100 ## - MAIN ENTRY--PERSONAL NAME
Personal name R.K.Bisht
245 #0 - TITLE STATEMENT
Title Discrete Mathematics
260 ## - PUBLICATION, DISTRIBUTION, ETC. (IMPRINT)
Place of publication, distribution, etc USA
Name of publisher, distributor, etc Oxford University Press
Date of publication, distribution, etc 2015
300 ## - PHYSICAL DESCRIPTION
Extent 600:p
942 ## - ADDED ENTRY ELEMENTS (KOHA)
Koha item type Books
Holdings
Withdrawn status Lost status Damaged status Not for loan Collection code Permanent Location Current Location Shelving location Date acquired Total Checkouts Total Renewals Full call number Barcode Date last seen Date checked out Price effective from Koha item type
        Mathematics MAJU MAJU Shelf No.B31 2019-08-03 4 4 511 8865 2024-04-17 2024-04-17 2019-08-03 Mathematics

Powered by Koha